000 01557cam a22002054a 4500
020 _a9780896296619 (alk. paper)
020 _a089629661X (alk. paper)
040 _cDLC
082 0 0 _a338 INT 2009 C152 Or.
245 0 0 _aMillions fed :
_bproven successes in agricultural development /
260 _aWashington, D.C. :
_bInternational Food Policy Research Institute,
_cc2009
300 _aviii, 165 p. :
_bill. (chiefly col.), col. maps ;
_c26 cm
520 _aLearning from successes in agricultural development is now more urgent than ever. Progress in feeding the world's billions has slowed, while the challenge of meeting future food needs remains enormous and is subject to new uncertainties in the global food and agricultural systems. In the late 1950s around a billion people were estimated to go hungry every day. Scientists, policymakers, farmers, and ordinary people initiated a concerted push to boost agricultural production and productivity in developing countries. Great strides were also made in improving the quality of food and the ability of vulnerable people to access food needed for survival. All these efforts have done more than just feed millions. They have also demonstrated that agriculture can be a key driver of growth and development for many of the world's poorest countries
650 0 _aAgricultural development projects
650 0 _aAgriculture and state
700 1 _aSpielman, David J
700 1 _aPandya-Lorch, Rajul
856 4 1 _uhttp://www.ifpri.org/sites/default/files/publications/oc64.pdf
942 _cAEDBB
999 _c18796
_d18796